| 000 | 00787nam a2200229Ia 4500 | ||
|---|---|---|---|
| 003 | OSt | ||
| 005 | 20230425154332.0 | ||
| 008 | 210423s2018 xx 000 0 und d | ||
| 020 | _a9781912453092 | ||
| 040 | _cAL | ||
| 041 | _aeng | ||
| 082 |
_a820.9237 _223 _bPOHA |
||
| 100 |
_aPOHL (Rebecca) _992947 |
||
| 245 | _aAnalysis of Sandra M Gilbert and Susan Gubars the madwoman in the attic | ||
| 245 | 4 | _bThe woman writer and the nineteenth-century literary imagination | |
| 260 |
_aLondon _bRoutledge _c2018 |
||
| 300 |
_a81 _bPB |
||
| 365 |
_b549.88 _cGBP |
||
| 650 |
_aEnglish Criticism _992948 |
||
| 906 | _aAn ; analysis ; attic ; gilbert ; gubar ; Gubars ; imagination ; literary ; m ; madwoman ; nineteenth-century ; s ; sandra ; susan ; woman ; writer | ||
| 942 |
_2ddc _cBK |
||
| 999 |
_c170224 _d170224 |
||